000 00653nam a22001697a 4500
999 _c14863
_d14863
008 200123b ||||| |||| 00| 0 eng d
082 _22019
_aUT 1422
_bC11
100 _aCachuela, Aimee Leigh O.
_941249
245 _aA Formative Assessment to Munting Paaralan Project of Anak ng UM Banner Program/
_cAimee Leigh O. Cachuela, Shaira Lee Barneja & Mena Fe B. Mullet
260 _aDigos City
_bUMDC
_cDecember 2019
300 _a71 pages
_c30cm
650 _aEducation
_vEnglish
_xUndergraduate Thesis
_941250
700 _aCachuela, Aimee Leigh O.
_941249
700 _aBarneja, Shaira Lee
_941251
700 _aMullet, Mena Fe B.
_941252
942 _2ddc
_cUT